| 000 | 00803nam a2200217 4500 | ||
|---|---|---|---|
| 001 | 112591 | ||
| 003 | ES-MaACL | ||
| 005 | 20251124114941.0 | ||
| 007 | t| | ||
| 008 | 061121s1952 sp |||| |dspa d | ||
| 080 | _a86-32"19"(082.2) | ||
| 245 | 0 | 3 |
_aLa novela corta española _b: promoción de "El Cuento semanal". (1901-1920) / _cestudio preliminar, selección y notas de Federico Carlos Sainz de Robles. |
| 260 |
_aMadrid : _bAguilar, _c1952. |
||
| 300 |
_a1678 p., 1 lám. ; _c18 cm. |
||
| 650 | 4 |
_aNovelas cortas españolas- _yS.XX. _915633 |
|
| 700 | 1 |
_aSainz de Robles, Federico Carlos, _d1898-1982 _9101593 |
|
| 852 |
_aES-MaACL _jD-9251 _cSVI |
||
| 856 | 4 |
_uhttp://www.archive.org/details/lanovelacortaesp00siuoft _yIr a la página |
|
| 942 | _2udc | ||
| 999 |
_c112591 _d112591 |
||